Obce okresu Příbram - Statistics

General Stats
  • This quiz has been taken 11 times
  • The average score is 31 of 120
Answer Stats
Počet obyvatel Odpověď % Correct
8 870 Dobříš
100%
32 773 Příbram
100%
2 524 Jince
88%
4 244 Rožmitál pod Třemšínem
88%
6 767 Sedlčany
88%
3 577 Březnice
75%
2 209 Milín
75%
1 261 Obecnice
63%
699 Hluboš
50%
630 Láz
50%
233 Nepomuk
50%
658 Pičín
50%
2 979 Sedlec-Prčice
50%
2 063 Bohutín
38%
990 Kamýk nad Vltavou
38%
723 Obořiště
38%
301 Ohrazenice
38%
247 Sádek
38%
1 650 Stará Huť
38%
654 Tochovice
38%
726 Trhové Dušníky
38%
684 Věšín
38%
711 Višňová
38%
361 Vysoká u Příbramě
38%
80 Županovice
38%
316 Bratkovice
25%
457 Buková u Příbramě
25%
379 Čenkov
25%
602 Chotilsko
25%
223 Chrást
25%
442 Daleké Dušníky
25%
464 Dlouhá Lhota
25%
919 Dolní Hbity
25%
573 Drahlín
25%
432 Drásov
25%
402 Drevníky
25%
302 Drhovy
25%
366 Dubenec
25%
366 Dubno
25%
390 Hřiměždice
25%
265 Hudčice
25%
419 Jablonná
25%
562 Jesenice
25%
1 373 Kosova Hora
25%
218 Kotenčice
25%
400 Kozárovice
25%
1 143 Krásná Hora nad Vltavou
25%
495 Lhota u Příbramě
25%
274 Narysov
25%
779 Nečín
25%
2 154 Nový Knín
25%
210 Občov
25%
283 Obory
25%
160 Ostrov
25%
252 Ouběnice
25%
397 Pečice
25%
1 324 Petrovice
25%
897 Rosovice
25%
476 Rybníky
25%
275 Sedlice
25%
357 Solenice
25%
545 Svaté Pole
25%
280 Třebsko
25%
374 Volenice
25%
715 Voznice
25%
331 Vranovice
25%
803 Vysoký Chlumec
25%
163 Bezděkov pod Třemšínem
13%
212 Bohostice
13%
417 Borotice
13%
95 Bukovany
13%
150 Cetyně
13%
255 Chraštice
13%
391 Čím
13%
156 Drahenice
13%
1 070 Dublovice
13%
599 Háje
13%
144 Hlubyně
13%
86 Horčápsko
13%
796 Hvožďany
13%
480 Klučenice
13%
335 Kňovice
13%
141 Korkyně
13%
212 Křepenice
13%
147 Křešín
13%
213 Lazsko
13%
231 Lešetice
13%
1 175 Malá Hraštice
13%
330 Milešov
13%
105 Modřovice
13%
804 Mokrovraty
13%
622 Nalžovice
13%
660 Nechvalice
13%
469 Nedrahovice
13%
58 Nestrašovice
13%
1 562 Nová Ves pod Pleší
13%
280 Nové Dvory
13%
273 Osečany
13%
96 Počaply
13%
552 Počepice
13%
1 126 Podlesí
13%
353 Příčovy
13%
542 Prosenická Lhota
13%
183 Radětice
13%
237 Radíč
13%
148 Starosedlský Hrádek
13%
351 Štětkovice
13%
651 Svatý Jan
13%
114 Svojšice
13%
40 Těchařovice
13%
100 Tušovice
13%
201 Velká Lečice
13%
176 Vrančice
13%
141 Vševily
13%
328 Zalužany
13%
143 Zbenice
13%
316 Zduchovice
13%
119 Koupě
0%
298 Smololety
0%
426 Suchdodol
0%
No matching quizzes found
Score Distribution
Percent of People with Each Score
Percentile by Number Answered
Your Score History
You have not taken this quiz